|
|
|
|
| LEADER |
00941cam a2200253 7i4500 |
| 001 |
0000033764 |
| 005 |
20160819090000.0 |
| 007 |
##ta |
| 008 |
160819t20162016fr ab b 0 eng |
| 020 |
# |
# |
|a 9789264256460
|
| 040 |
# |
# |
|a MATR
|
| 090 |
0 |
0 |
|a AFRI 338.5443
|b AFR
|
| 245 |
0 |
0 |
|a African Economic Outlook 2016 :
|b SUSTAINABLE CITIES AND STRUCTURAL TRASFORMATION.
|
| 264 |
# |
4 |
|a ♭2016.
|
| 264 |
# |
1 |
|a Paris:
|b African Development Bank:
|b Organisation for Economic Co-operation and Development:
|b United Nations Development Programme,
|c 2016.
|
| 300 |
# |
# |
|a 389 pages:
|b illustrations;
|c 30 cm.
|
| 336 |
# |
# |
|a text
|2 rdacontent
|
| 337 |
# |
# |
|a unmediated
|2 rdamedia
|
| 338 |
# |
# |
|a volume
|2 rdacarrier
|
| 504 |
# |
# |
|a Includes bibliographical references
|
| 651 |
# |
0 |
|a Africa --
|x Economic conditions
|
| 651 |
# |
0 |
|a Africa --
|x Economic policy
|
| 651 |
# |
0 |
|a Africa --
|x Economic conditions
|
| 999 |
|
|
|a 0000037935
|b Book
|c Regions
|e Business Information Centre
|